Регионална библиотека "Любен Каравелов" - Русе

Йосиф Бродски (Запис номер 93225)

MARC детайли
000 -Лидер
Контролно поле с фиксирана дължина 02161nam a2200433 c 4500
003 - Код на организацията, давaща контролен номер
Контролно поле BLK
005 - Дата и час на последна редакция
Контролно поле 20190226145957.0
008 - Елементи от данни с фиксирана дължина
fixed length control field 180408b bul|||||r ||||||| ||bul||
010 ## - Наследен системен номер
LC control number KNG00098017000
020 ## - Международен стандартен номер на книга ISBN
Международен стандартен номер на книга ISBN 978-954-320-217-1
-- издат.: Рива
040 ## - Източник на каталожния запис
Идентификатор на билиотеката - собственик на записа BLK
041 ## - Код за език
Код за езика на текст/звукозапис или на отделно заглавие Български
Код за езика КДБФ Български
072 #7 - Код за тематичната категория
Код организация bullib
Код за тематична категория Н82
Текст Литературознание Н
080 ## - УДК
Текстов определител УДК Руска литература
УДК код - определител по УДК 821.161.1
УДК определител (092)
УДК - код + определител 821.161.1(092)
080 ## - УДК
Текстов определител УДК Руска литература
УДК код - определител по УДК 821.161.1
УДК определител -1.09
УДК - код + определител 821.161.1-1.09
080 ## - УДК
Текстов определител УДК Руски поет, емигрант
УДК код - определител по УДК 929 Бродски, Йосиф Александрович
УДК определител
УДК - код + определител 929 Бродски, Йосиф Александрович
100 1# - Редна дума - Автор
Автор Лосев, Лев Владимирович
Авторска отговорност първи автор
R(LIN) 305334
139 ## - Редно поле
Редна дума Лосев, Лев Владимирович
Авторски знак Бро - Б 82
245 10 - Сведения за заглавието
Заглавие Йосиф Бродски
Редно поле (дума) Лев Владимирович Лосев; прев. от рус. Надя Попова.
257 ## - Страна на издаване
Страна на създаване/издаване Русия
260 ## - Област на издателските данни
-- София
Име на издателя, разпространителя и проч. Рива
Година на издаване 2009
Печатница В. Търново : Абагар
300 ## - Физическа характеристика
Страници 375 с., 12 л.
Илюстрации и др. ил., портр.
Размери/Мащаб 21 см
380 ## - Жанр
Жанр Литературознание
490 1# - СЕРИИ (Колекции)
Име на серия Животът на бележити личности : Поредица биографии
500 ## - Общи забележки
Забележка Ориг. загл. Иосиф Бродский: Опыт литературной биографии / Лев Лосев. - Съдържа и Хронология на по-важните събития в живота и творчеството на Й. А. Бродски. - Библиогр. с. 361-372.
600 14 - Име на лице, използвано като предмет
За него / За нея Бродски, Иосиф Александрович
9 (RLIN) 278209
650 #4 - Допълнително описание по предмет – тема
Основно описание – тема или топоним Поети, руски
9 (RLIN) 245652
650 #4 - Допълнително описание по предмет – тема
Основно описание – тема или топоним Бродски, Йосиф Александрович
9 (RLIN) 364498
651 #4 - Допълнително описание по предмет - топоним
Географско понятие Русия
9 (RLIN) 179465
653 ## - Ключова дума – ненормативна
Ключова дума руски поети
653 ## - Ключова дума – ненормативна
Ключова дума Йосиф Бродски
659 ## - Тематичен бюлетин
Тематичен бюлетин Н
700 1# - Други автори (авторска отговорност)
Лично име Попова, Надя
Автороска отговорност (Описва отношението между автора и произведението) прев. от рус.
9 (RLIN) 367704
852 ## - Местоположение
Форматна сигнатура Цб 249794
856 4# - Електронен адрес и достъп
Електронен формат pdf - файл
Път до файла /url/
856 4# - Електронен адрес и достъп
Електронен формат pdf - файл
Път до файла /url/
942 ## - АРТИКУЛИ
Вид на библиотечния материал Книги
Скрит в OPAC Не
Koha issues (borrowed), all copies 1
944 ## - СЪЗДАВАНЕ И РЕДАКЦИЯ на ЗАПИСА
Създаване/Редакция Създаване
Дата на регистрацията/редакция 11.11.2010
Статус, дата на статуса ф /
Служител, извършил регистрацията/редакцията Милена_Ачева
944 ## - СЪЗДАВАНЕ И РЕДАКЦИЯ на ЗАПИСА
Създаване/Редакция Редакция
Дата на регистрацията/редакция 15.03.2016
Статус, дата на статуса ф /
Служител, извършил регистрацията/редакцията Людмила_Стоянова
999 ## - СИСТЕМНИ КОНТРОЛНИ НОМЕРА
Koha biblionumber 93225
Koha biblioitemnumber 93225
Наличности
Код за отписване Код за изгубен артикул Код за повреда Коз за рестрикции Код за отдаване Артикулен № Име на библиотеката - собственик Име на библиотеката, в която се намира в момента Статус (Текущо местоположение) Дата на вписване в системата Местоположение - отдел Цена в лева Инвентарен номер Систематично азбучна сигнатура Баркод Номер на екземпляра Цена в евро Служебна бележка Служебен тип на артикула Източник на класификационната схема
  Не е изгубен Не е повреден без рестрикции ползва се в читалня 149902 Регионална библиотека "Любен Каравелов" Русе Регионална библиотека "Любен Каравелов" Русе Хранилище 2010-11-10 Хранилище 17.00 120000747295 Цб 249794 120000747295 1 8.69 Дост: Dp Вид: Д N: 11 Дата: 04.03.2010 Книги  
  Не е изгубен Не е повреден без рестрикции заемане за дома 149903 Регионална библиотека "Любен Каравелов" Русе Регионална библиотека "Любен Каравелов" Русе Заемна - подръчен фонд 2016-03-14 Заемна - подръчен фонд 5.00 120000798874 П 821.161.1.09(092)/Б 82 120000798874 2 2.56 Дост: Pk Вид: Ф N: 1325 Дата: 02.03.2016 Дата инв: 07.03.2018 Бележки инв: П2018 Книги Universal Decimal Classification
Vip Innovations Ltd, Rousse, Bulgaria 2025